00314nam a2200133Ia 4500008004000000041000800040082001100048100001400059245002800073260004300101650001500144650000700159650001400166210210b1964 xxu||||| |||| 00| 0 eng d aeng a330/47 aBYE (R T) aPrinciples of economics aBombaybThe Times of India Pressc1964 aPrinciples aof aeconomics